00313 a2200097 4500001001000000005001700010008004100027245007700068100001900145773005100164ART_1850720260410161702.0260409a 10aLa controversia sobre los medios de pago ineficaces según la ley 253451 aOklander, Juan0 tRevista Impuestosg- Nº 9 (sep. 2012)wREV639